LEADER 01155nam 2200397 450 001 9910164214403321 005 20230809222708.0 010 $a1-4988-1539-1 035 $a(CKB)3710000001057530 035 $a(MiAaPQ)EBC4802790 035 $a(EXLCZ)993710000001057530 100 $a20170303h20172017 uy 0 101 0 $aeng 135 $aurcnu|||||||| 181 $2rdacontent 182 $2rdamedia 183 $2rdacarrier 200 10$aCandidiasis $eglobal status /$fStephen Berger, MD ; cover design by GIDEON Informatics, Inc 205 $a2017 edition. 210 1$aLos Angeles, California :$cGIDEON Informatics, Inc.,$d2017. 210 4$dİ2017 215 $a1 online resource (49 pages) $ccolor illustrations, tables 225 1 $aGideon E-Book Series 410 0$aGideon e-book series. 606 $aCandidiasis$vStatistics 615 0$aCandidiasis 676 $a616.969 700 $aBerger$b Stephen$01210032 712 02$aGideon Informatics, Inc., 801 0$bMiAaPQ 801 1$bMiAaPQ 801 2$bMiAaPQ 906 $aBOOK 912 $a9910164214403321 996 $aCandidiasis$93410823 997 $aUNINA